Statistics for Where's that cheese from?

Click here to take the quiz!

General Stats

  • This quiz has been taken 142 times
  • The average score is 10 of 14

Answer Stats

Hint Answer % Correct
CamembertFrance
100%
FetaGreece
96%
CheddarUnited Kingdom
95%
AsiagoItaly
94%
GarrotxaSpain
88%
Monterey JackUnited States
87%
EmmenthalSwitzerland
85%
EdamNetherlands
82%
PaneerIndia
73%
PanelaMexico
70%
CatupiriBrazil
55%
SardoArgentina
46%
PalmitaVenezuela
26%
TurrialbaCosta Rica
19%

Score Distribution

Percentile by Number Answered

Percent of People with Each Score

Your Score History

You have not taken this quiz